000 00916nam a22003137a 4500
003 CHAP
005 20220817042357.0
008 971013s1973 r 00010 d
010 _a42813
011 _a43785
035 _a47922
040 _cCHAP
082 _a635.9
_bE8 1973
100 0 0 _aEverett, Thomas H.
_938989
245 _aHow to grow beautiful house plants
250 _a2 ed.
260 _aGreenwich, Conn. :
_bFawcett,
_c1973
300 _a266 p.
_b: ilus.
590 _aBATCH-UPD
_b10
_c20130110
_lUCH01
_h1224
590 _aBATCH-UPD
_b10
_c20130410
_lUCH01
_h0757
590 _aBATCH-UPD
_b10
_c20130914
_lUCH01
_h1420
590 _aCONVERSION
_b10
_c20130109
_lUCH01
_h1324
650 1 4 _aFloricultura.
_941822
650 1 4 _aJardinería.
_961143
650 1 4 _aPlantas ornamentales.
901 _aBK
942 _cLIBRO
949 _a635.9 E8 1973
_bBC
_cLIBRO
_d33724000249553
_eLIBRO
_h65108
_i47922
_si
999 _c42813
_d42813